000 01168nam0a22002771 4500
001 rc\3030717
005 20260406083236.0
035 _a(NLR Aleph) 007171669
090 _a7352342
_c7352342
100 _a20110930d1941 u y0rusy50 ca
101 0 _arus
102 _aRU
105 _aa z |||||
200 1 _aСухой анализ минералов
_eКраткое метод. пособие и элементарный определитель минералов помощью паяльной трубки
_fппроф. Н.М. Романов
_gГорьк. гос. пед. ин-т им. А.М. Горького. Геогр. фак-т
205 _a[2-е изд. доп.]
210 _aГорький
_cБ. и.
_d1941
215 _a80 с.
_cил.
_d20 см
320 _aБиблиогр.: с. 75
700 1 _7ca
_8rus
_aРоманов
_bН. М.
_cгеолог
_f1872-1942
_gНиколай Михайлович
_3RU\NLR\AUTH\770277981
_92649948
801 0 _aRU
_bNLR
_gpsbo
801 1 _aRU
_bELAR
_2rusmarc
852 _aNLR
_jМн02 Г-4/3
942 _cBOOK
945 _aРоссийская национальная библиотека
980 _aNB
980 _aBV